| 000 -LEADER |
| fixed length control field |
00700nam a2200193Ia 4500 |
| 001 - CONTROL NUMBER |
| control field |
12901 |
| 003 - CONTROL NUMBER IDENTIFIER |
| control field |
GE_BSU |
| 008 - FIXED-LENGTH DATA ELEMENTS--GENERAL INFORMATION |
| fixed length control field |
181216s||||||||xx |||||||||||||| ||und|| |
| 040 ## - CATALOGING SOURCE |
| Transcribing agency |
GE_BSU |
| 080 ## - UNIVERSAL DECIMAL CLASSIFICATION NUMBER |
| Universal Decimal Classification number |
661.632.1 |
| 245 ## - TITLE STATEMENT |
| Title |
Химия удобрении и разработка рациональных способов и их производства |
| 245 ## - TITLE STATEMENT |
| Statement of responsibility, etc. |
Отв.ред.М.Н.Набиев. Ред.З Мощенко |
| 260 ## - PUBLICATION, DISTRIBUTION, ETC. |
| Place of publication, distribution, etc. |
Ташкент |
| 260 ## - PUBLICATION, DISTRIBUTION, ETC. |
| Name of publisher, distributor, etc. |
изд-во "Фан |
| 260 ## - PUBLICATION, DISTRIBUTION, ETC. |
| Date of publication, distribution, etc. |
1969 |
| 300 ## - PHYSICAL DESCRIPTION |
| Extent |
227стр.20см. |
| 653 ## - INDEX TERM--UNCONTROLLED |
| Uncontrolled term |
Химия удобрении и разработка рациональных способов и их производства |
| 942 ## - ADDED ENTRY ELEMENTS (KOHA) |
| Koha item type |
წიგნი |